00583nam a22001934a 450000500170000000800410001701000140005802000110007203500130008303700150009604000180011108200080012910000190013724500490015626000510020527000720025630000230032860000380035120080903163048.0080128s2008 ii abf | b 001 0beng  aENG-92576 c100.00 aEN-76109 bDBAD / PUB adplbEnglish  a921 aManoharan, P.  aThe life of singaravelar /cby P. Manoharan  aUlunthurpettai bTamilventhan Pathipagamc2008 a81C, Munusamy Nagar, Easts Kandasamypuram, bUlunthurpettaie606107 a106p. c19cm (pbk) aSingaravelar ChettiarxBiography.